LIBRARY & INFORMATION CENTRE, KCAET, TAVANUR

ONLINE PUBLIC ACCESS CATALOGUE (OPAC)

Our soils and their management / (Record no. 5433)

MARC details
000 -LEADER
fixed length control field 00395cam a2200157ua 4500
041 ## - LANGUAGE CODE
Language code of text/sound track or separate title eng
082 ## - DEWEY DECIMAL CLASSIFICATION NUMBER
Classification number 631.45
Item number DON/OU
100 ## - MAIN ENTRY--AUTHOR NAME
Personal name Donahue, Roy L .
245 ## - TITLE STATEMENT
Title Our soils and their management /
250 ## - EDITION STATEMENT
Edition statement 2 /
260 ## - PUBLICATION, DISTRIBUTION, ETC. (IMPRINT)
Place of publication Mumbai :
Name of publisher Asia Publishing House ,
Year of publication 1961.
300 ## - PHYSICAL DESCRIPTION
Number of Pages 568 ; .
942 ## - ADDED ENTRY ELEMENTS (KOHA)
Koha item type Books
Holdings
Withdrawn status Lost status Damaged status Home library Current library Date acquired Full call number Accession Number Koha item type
Withdrawn     KAUAET KAUAET 07/04/2012 631.45 8170 Books
free website counter